| 000 | 00498nam a2200205Ia 4500 | ||
|---|---|---|---|
| 008 | 160803s9999 xx 000 0 und d | ||
| 020 | _a9780590481465 | ||
| 100 | _aArnosky, Jim | ||
| 245 | _aAll about lizards / | ||
| 245 | _cJim Arnosky. | ||
| 260 | _aNew York : | ||
| 260 | _bScholastic Inc. | ||
| 260 | _c2004 | ||
| 300 | _a1 volume (unpaged) : | ||
| 300 | _bcolor illustrations ; | ||
| 300 | _c19 cm | ||
| 650 | _aLizards -- | ||
| 650 | _xJuvenile literature. | ||
| 700 | _a950 | ||
| 999 |
_c298914 _d298914 |
||